000 00318nam a22001337a 4500
999 _c520850
_d520850
008 221025b ||||| |||| 00| 0 eng d
100 _aNaresh
_936518
245 _aRole of Urdu literature
260 _aYojana
300 _a66(8), Aug, 2022: p.47-48
773 _aYojana
906 _aLANGUAGES
942 _cAR